000 00521ntaaa2200193 4500
003 01
005 20251027202952.0
008 0714s1973 ag 01
040 _aAR-BaBN
_bspa
_cAR-BaBN
_eaacr
_dRIC
082 _a973.0000 H52
100 _aHicks, John D
_930566
245 _aThe federal union
250 _a1 ed.
260 _aBoston :
_bHoughton Mifflin Company,
_cc1937
300 _axvii, 733 p
500 _aUna historia de los Estados Unidos hasta 1865
650 _aEstados Unidos-historia
_922204
942 _cBK
999 _c25049
_d25049